000 02482cam a2200685 a 4500
001 22052
003 VRT
005 20260318101618.0
008 240314s2013 xo of g h 000 1bslo
015 _aSNBA2013
020 _a9788055132365
_q(viaz.)
035 _aC271F619-11C3-4CC6-A425-990F108140B4
035 _aurn:nbn:sk:snk-amjmp6
035 _aurn:nbn:sk:snk-am001oc9
039 9 _a202403141558
_bVLOAD
_c201604301205
_dVLOAD
_c201508271458
_dVLOAD
_c201508271128
_dVLOAD
040 _aSVKBB
_bslo
_cSVKBB
_dSNK
_eAACR2
041 1 _aslo
_hger
044 _axo
_cSK
072 7 _a929
_xBiografie
_2konspekt
072 7 _a821.111-3
_xAnglická próza, anglicky písaná
_2konspekt
080 _a(0:82-322.6)
_22001
080 _a342.726-055.2
_22001
080 _a687.5.01-055.2
_22001
080 _a392.15
_22001
080 _a(677)
_22001
080 _a821.111-32
_22001
100 1 _aDirie, Waris,
_d1965-
_4aut
240 1 0 _aSchwarze Frau, weisses Land
_lSlovensky
245 1 0 _aČierna žena, biela krajina
_cWaris Dirieová ; [z nemeckého originálu preložili Jarmila Pospěchová, Mária Benedeková]
250 _a[1. vyd.]
260 _aBratislava
_bIkar
_c2013
300 _a212 s., [8] s. obr. príl.
_b14 fareb. fotogr.
_c24 cm
500 _aPravdepodobne angl. originál
504 _aBibliogr. pozn.
600 1 7 _aDirie, Waris,
_d1965-
_2SNKMA
648 7 _a20.-21. stor.
_2SNKPH
648 7 _a20th-21st centuries
_2SNKPHeng
650 0 7 _amodelky
_2SNKPH
650 0 7 _aobriezka u žien
_2SNKPH
650 0 7 _aFemale models
_2SNKPHeng
650 0 7 _aWomen's rights
_2SNKPHeng
650 0 7 _aFemale circumcision
_2SNKPHeng
650 0 7 _apráva žien
_2SNKPH
651 7 _aSomálsko
_2SNKPH
651 7 _aSomalia
_2SNKPHeng
655 7 _aAutobiographical stories
_2SNKPHeng
655 7 _aautobiografické príbehy
_2SNKPH
655 7 _aanglicky písané príbehy
_2SNKPH
655 7 _aStories in English
_2SNKPHeng
700 1 _aPospěchová, Jarmila
_4trl
700 1 _aBenedeková, Mária
_4trl
942 _2ddc
_cKLDO
_n0
949 _63869A13461
_abpksh342.726-055.2
_bbpksh63218
949 _617A1065043
_asnkSC 153027 D1
_bsnk2013/5577
_o415/13
949 _62889193159
_asavukS 152038
_bsavuk2013/537
949 _6273K0568513
_asvkpoB 93538
_bsvkpo579132
949 _6270001000408184
_asvkbbB 49154
_bsvkbbm 733839
949 _617A1062347
_asnkSC 153027
_bsnk2013/2890
_o415/13
999 _c22052
_d22052